Value creation in REIT property sell-offs (Record no. 77269)
[ view plain ]
| 000 -LEADER | |
|---|---|
| fixed length control field | 01144cab a2200205 4500 |
| 001 - CONTROL NUMBER | |
| control field | ##L133938 |
| 008 - FIXED-LENGTH DATA ELEMENTS--GENERAL INFORMATION | |
| fixed length control field | 060622n2006 000 0 eng u |
| 035 ## - SYSTEM CONTROL NUMBER | |
| System control number | (Sirsi) u133938 |
| 041 0# - LANGUAGE CODE | |
| Language code of text/sound track or separate title | eng |
| 100 1# - MAIN ENTRY--PERSONAL NAME | |
| Personal name | Campbell, Robert D. |
| 245 00 - TITLE STATEMENT | |
| Title | Value creation in REIT property sell-offs |
| 260 ## - PUBLICATION, DISTRIBUTION, ETC. | |
| Date of publication, distribution, etc. | 2006 |
| 490 #0 - SERIES STATEMENT | |
| Series statement | Real Estate Economics |
| Volume/sequential designation | 34(2) Summer 2006, 329-342(14) |
| 520 ## - SUMMARY, ETC. | |
| Summary, etc. | Examines major sales of real property by public US REITs between 1992 and 2002, finding that abnormal returns in real estate sell-offs by all types of firms are derived largely from asset allocation efficiencies and not exclusively from tax benefits. Shareholder returns are lower in sell-offs motivated by a desire to reduce long-term debt. Returns are inversely related to the firm's operating performance prior to the sell-off announcement, supporting the case that improved asset efficiencies create value in real estate sell-offs. [Taken from journal abstract]. |
| 590 ## - LOCAL NOTE (RLIN) | |
| Local note | IKA040706 |
| 690 ## - LOCAL SUBJECT ADDED ENTRY--TOPICAL TERM (OCLC, RLIN) | |
| Topical term or geographic name as entry element | PROPERTY-PROPERTY FINANCE AND INVESTMENT-REAL ESTATE INVESTMENT TRUSTS |
| 700 1# - ADDED ENTRY--PERSONAL NAME | |
| Personal name | Petrova, Milena |
| 700 1# - ADDED ENTRY--PERSONAL NAME | |
| Personal name | Sirmans, C. F. |
| 942 ## - ADDED ENTRY ELEMENTS (KOHA) | |
| Suppress in OPAC | 0 |
| Withdrawn status | Lost status | Source of classification or shelving scheme | Damaged status | Not for loan | Home library | Current library | Shelving location | Date acquired | Total Checkouts | Full call number | Barcode | Date last seen | Copy number | Price effective from | Koha item type |
|---|---|---|---|---|---|---|---|---|---|---|---|---|---|---|---|
| Dewey Decimal Classification | London | London | Journal article | 22/06/2006 | L133938 | 133938-1001 | 06/08/2019 | 1 | 06/08/2019 | Journal article |